000 00571nam a2200169Ia 4500
003 GCL
008 140319s9999 xx 000 0 ara d
040 _aGCL /
_cGCL
082 0 4 _a812.9
_bس م
100 1 _aسمير الجمل
245 1 0 _aالمطر ثلاث مسرحيات شعرية بالعامية : المطر - كش ملك - الام (هدية من الاديب عبدالفتاح الجمل) /
_cسمير الجمل
300 _a142 ص
490 _a
650 0 4 _aالادب العربى
650 0 4 _aالمسرحيات الشعرية
942 _2ddc
_cBK
999 _c39869
_d39869